书目信息 |
| 题名: |
自由基化学
|
|
| 作者: | Huamg , 黄 著 ;穆光照 译 | |
| 分册: | ||
| 出版信息: | 上海 上海科学技术出版社 1983 |
|
| 页数: | 258页 | |
| 开本: | 19cm | |
| 丛书名: | ||
| 单 册: | ||
| 中图分类: | O643.12 | |
| 科图分类: | ||
| 主题词: | 自由基反应 | |
| 电子资源: | ||
| ISBN: | ||
| 000 | 00690nam0 2200253 45 | |
| 001 | 0183012347 | |
| 005 | 20060731153724.25 | |
| 010 | @dCNY0.87 | |
| 100 | @a19950929d1983 em y0chiy0121 ea | |
| 101 | 1 | @achi@ceng |
| 102 | @aCN@b310000 | |
| 105 | @ay z 000yy | |
| 200 | 10 | @a自由基化学@Azi you ji hua xue@f()黄(R.L.Huang)著@g穆光照译 |
| 210 | @a上海@c上海科学技术出版社@d1983 | |
| 215 | @a258页@d19cm | |
| 510 | 1 | @aThe Chemistry of Free Raicals@zeng |
| 606 | @a自由基反应 | |
| 690 | @aO643.12@v3 | |
| 701 | A1 | @aHuamg@bR.L@4著 |
| 701 | 1 | @a黄@Ahuang@4著 |
| 702 | 0 | @a穆光照@Amu guang zhao@4译 |
| 801 | 2 | @aCN@bNLC@c20060731 |
| 801 | 0 | @aCN@bTSSF |
| 905 | @a10447@dO643.12@e47 | |
| 自由基化学/()黄(R.L.Huang)著/穆光照译.-上海:上海科学技术出版社,1983 |
| 258页;19cm |
| ISBN :CNY0.87 |
| ● |
| 相关链接 |
|
|
|
|
正题名:自由基化学
索取号:O643.12/47
 
预约/预借
| 序号 | 登录号 | 条形码 | 馆藏地/架位号 | 状态 | 备注 |
| 1 | 0434135 | 204341355 | 密集书库/ [索取号:O643.12/47] | 在馆 |